笑い飯哲夫の仏教的に正しい「一休さん」の歌の歌詞 - Statistics

General Stats
  • This quiz has been taken 4 times
  • The average score is 39 of 61
Answer Stats
答え % Correct
慈悲
100%
慈悲
100%
慈悲
100%
慈悲
100%
慈悲
100%
慈悲
100%
慈悲
100%
慈悲
100%
慈悲
100%
慈悲
100%
慈悲
100%
慈悲
100%
慈悲
100%
慈悲
100%
慈悲
100%
慈悲
100%
慈悲
100%
慈悲
100%
慈悲
100%
慈悲
100%
慈悲
100%
慈悲
100%
慈悲
100%
慈悲
100%
慈悲
100%
一休宗純
75%
75%
{煩悩}がなく
75%
一休宗純
75%
一休宗純
75%
一休宗純
75%
{煩悩}ない
75%
{煩悩}ない
75%
慈悲心
50%
三法印
50%
三法印
50%
これに{一切皆苦}を入れると
50%
四法印
50%
{如来}は
50%
{無無明}も
50%
無無明尽
50%
慈悲心
50%
{解脱}する
50%
{解脱}する
50%
{諸行無常}というのは
25%
{諸法無我}というのも
25%
あ~あ
25%
あ~あ
25%
南無八幡大菩薩
25%
釈迦如来
25%
釈迦如来
25%
釈迦如来
25%
羯諦
25%
羯諦
25%
({大徳寺}の)
25%
{涅槃寂静}も
0%
観音
0%
観音
0%
観音
0%
観音
0%
観世音菩薩
0%
No matching quizzes found
Score Distribution
Percent of People with Each Score
Percentile by Number Answered
Your Score History
You have not taken this quiz